[Event "DEM U12 2022"]
[Site "Willingen GER"]
[Date "2022.06.10"]
[Round "8"]
[White "Dodul, Arthur"]
[Black "Wartenberg, Alexander"]
[Result "1/2-1/2"]
[Termination "normal"]
[Board "9"]
[WhiteElo "1443"]
[BlackElo "1682"]
[WhiteClock "00:24:15"]
[BlackClock "00:29:26"]
[PlyCount "154"]
[WhiteFideId "34609016"]
[BlackFideId "16280768"]
[EventCountry "GER"]
[EventRounds "9"]
[EventType "swiss"]
[EventDate "2022.06.04"]

1. e4 {[%clk 01:30:53]} {[%emt 00:00:06]} e5 {[%clk 01:30:54]} {[%emt
00:00:06]} 2. Nc3 {[%clk 01:31:11]} {[%emt 00:00:12]} Nf6 {[%clk 01:31:02]}
{[%emt 00:00:23]} 3. Bc4 {[%clk 01:31:10]} {[%emt 00:00:31]} Bb4 {[%clk
01:29:58]} {[%emt 00:01:33]} 4. d3 {[%clk 01:30:48]} {[%emt 00:00:52]} c6
{[%clk 01:29:50]} {[%emt 00:00:39]} 5. Bd2 {[%clk 01:29:12]} {[%emt 00:02:05]}
O-O {[%clk 01:27:44]} {[%emt 00:02:36]} 6. Nf3 {[%clk 01:28:12]} {[%emt
00:01:31]} d5 {[%clk 01:24:03]} {[%emt 00:04:10]} 7. exd5 {[%clk 01:26:34]}
{[%emt 00:02:07]} cxd5 {[%clk 01:24:12]} {[%emt 00:00:21]} 8. Bb3 {[%clk
01:25:20]} {[%emt 00:01:45]} Nc6 {[%clk 01:19:53]} {[%emt 00:04:49]} 9. Qe2
{[%clk 01:11:42]} {[%emt 00:13:56]} Nd4 {[%clk 01:14:21]} {[%emt 00:06:15]} 10.
Qf1 {[%clk 01:09:21]} {[%emt 00:02:47]} Nxb3 {[%clk 00:55:13]} {[%emt
00:19:41]} 11. axb3 {[%clk 01:07:41]} {[%emt 00:02:10]} Re8 {[%clk 00:53:40]}
{[%emt 00:02:03]} 12. O-O-O {[%clk 01:05:55]} {[%emt 00:02:15]} Qa5 {[%clk
00:50:51]} {[%emt 00:03:19]} 13. Kb1 {[%clk 01:03:47]} {[%emt 00:02:37]} Bg4
{[%clk 00:50:30]} {[%emt 00:00:52]} 14. h3 {[%clk 01:00:03]} {[%emt 00:04:11]}
Bxf3 {[%clk 00:45:17]} {[%emt 00:05:46]} 15. gxf3 {[%clk 01:00:14]} {[%emt
00:00:19]} d4 {[%clk 00:45:00]} {[%emt 00:00:47]} 16. Ne4 {[%clk 00:59:58]}
{[%emt 00:00:46]} Nxe4 {[%clk 00:45:08]} {[%emt 00:00:22]} 17. Bxb4 {[%clk
01:00:03]} {[%emt 00:00:25]} Qxb4 {[%clk 00:45:34]} {[%emt 00:00:05]} 18. fxe4
{[%clk 01:00:02]} {[%emt 00:00:30]} a5 {[%clk 00:45:26]} {[%emt 00:00:39]} 19.
Qe1 {[%clk 00:55:28]} {[%emt 00:05:03]} Qxe1 {[%clk 00:45:20]} {[%emt
00:00:37]} 20. Rhxe1 {[%clk 00:55:05]} {[%emt 00:00:52]} Re6 {[%clk 00:45:31]}
{[%emt 00:00:20]} 21. Rg1 {[%clk 00:53:57]} {[%emt 00:01:34]} h6 {[%clk
00:44:31]} {[%emt 00:01:34]} 22. Rg3 {[%clk 00:53:11]} {[%emt 00:01:12]} Rf6
{[%clk 00:43:11]} {[%emt 00:01:54]} 23. Rdg1 {[%clk 00:52:25]} {[%emt
00:01:15]} g6 {[%clk 00:43:23]} {[%emt 00:00:20]} 24. Rf1 {[%clk 00:51:49]}
{[%emt 00:01:03]} Rf4 {[%clk 00:43:14]} {[%emt 00:00:42]} 25. c3 {[%clk
00:49:25]} {[%emt 00:02:54]} Rc8 {[%clk 00:41:20]} {[%emt 00:02:24]} 26. c4
{[%clk 00:48:01]} {[%emt 00:01:54]} Rc6 {[%clk 00:40:47]} {[%emt 00:01:03]} 27.
Kc2 {[%clk 00:46:51]} {[%emt 00:01:38]} Rcf6 {[%clk 00:40:43]} {[%emt
00:00:35]} 28. f3 {[%clk 00:46:16]} {[%emt 00:01:05]} Kh7 {[%clk 00:37:51]}
{[%emt 00:03:22]} 29. Kd2 {[%clk 00:44:07]} {[%emt 00:02:39]} g5 {[%clk
00:34:34]} {[%emt 00:03:47]} 30. Rf2 {[%clk 00:37:06]} {[%emt 00:07:30]} Kg6
{[%clk 00:34:40]} {[%emt 00:00:25]} 31. Rf1 {[%clk 00:34:17]} {[%emt 00:03:18]}
Kh5 {[%clk 00:34:01]} {[%emt 00:01:11]} 32. Ke2 {[%clk 00:27:24]} {[%emt
00:07:22]} Rb6 {[%clk 00:33:13]} {[%emt 00:01:19]} 33. Rc1 {[%clk 00:26:40]}
{[%emt 00:01:12]} Rxb3 {[%clk 00:33:21]} {[%emt 00:00:24]} 34. Rc2 {[%clk
00:26:02]} {[%emt 00:01:07]} Kh4 {[%clk 00:30:29]} {[%emt 00:03:23]} 35. Rg1
{[%clk 00:25:34]} {[%emt 00:00:51]} Rf6 {[%clk 00:30:06]} {[%emt 00:00:58]} 36.
Rd1 {[%clk 00:23:04]} {[%emt 00:02:59]} Rfb6 {[%clk 00:29:51]} {[%emt
00:00:48]} 37. Rdd2 {[%clk 00:22:57]} {[%emt 00:00:29]} Kh5 {[%clk 00:27:43]}
{[%emt 00:02:44]} 38. Kf2 {[%clk 00:22:31]} {[%emt 00:00:54]} Kg6 {[%clk
00:27:18]} {[%emt 00:00:57]} 39. Kg3 {[%clk 00:22:01]} {[%emt 00:00:58]} h5
{[%clk 00:26:32]} {[%emt 00:01:17]} 40. h4 {[%clk 00:22:09]} {[%emt 00:00:19]}
f6 {[%clk 00:26:11]} {[%emt 00:00:55]} 41. hxg5 {[%clk 00:22:00]} {[%emt
00:00:39]} fxg5 {[%clk 00:26:31]} {[%emt 00:00:10]} 42. c5 {[%clk 00:21:59]}
{[%emt 00:00:28]} Rc6 {[%clk 00:26:48]} {[%emt 00:00:16]} 43. Rc4 {[%clk
00:21:11]} {[%emt 00:01:17]} Rb5 {[%clk 00:24:04]} {[%emt 00:03:14]} 44. Rdc2
{[%clk 00:20:41]} {[%emt 00:00:57]} Rb3 {[%clk 00:23:06]} {[%emt 00:01:32]} 45.
Rd2 {[%clk 00:20:44]} {[%emt 00:00:25]} b6 {[%clk 00:18:50]} {[%emt 00:04:48]}
46. cxb6 {[%clk 00:17:33]} {[%emt 00:03:41]} Rxc4 {[%clk 00:19:14]} {[%emt
00:00:06]} 47. dxc4 {[%clk 00:17:56]} {[%emt 00:00:07]} Rxb6 {[%clk 00:19:38]}
{[%emt 00:00:06]} 48. Rc2 {[%clk 00:17:20]} {[%emt 00:01:04]} Kf6 {[%clk
00:19:35]} {[%emt 00:00:34]} 49. Rh2 {[%clk 00:15:32]} {[%emt 00:02:19]} Kg6
{[%clk 00:19:10]} {[%emt 00:00:55]} 50. Rc2 {[%clk 00:15:39]} {[%emt 00:00:22]}
Kf7 {[%clk 00:19:37]} {[%emt 00:00:03]} 51. Rh2 {[%clk 00:15:50]} {[%emt
00:00:19]} Rh6 {[%clk 00:20:05]} {[%emt 00:00:03]} 52. Rh1 {[%clk 00:15:59]}
{[%emt 00:00:20]} h4+ {[%clk 00:17:00]} {[%emt 00:03:36]} 53. Kg4 {[%clk
00:15:27]} {[%emt 00:01:02]} Kg6 {[%clk 00:13:51]} {[%emt 00:03:39]} 54. c5
{[%clk 00:12:57]} {[%emt 00:03:00]} Rh8 {[%clk 00:13:58]} {[%emt 00:00:23]} 55.
c6 {[%clk 00:13:12]} {[%emt 00:00:15]} Rf8 {[%clk 00:13:38]} {[%emt 00:00:50]}
56. Rf1 {[%clk 00:11:37]} {[%emt 00:02:01]} Rf6 {[%clk 00:13:36]} {[%emt
00:00:36]} 57. Ra1 {[%clk 00:05:30]} {[%emt 00:06:37]} Rxc6 {[%clk 00:11:24]}
{[%emt 00:02:42]} 58. Rxa5 {[%clk 00:05:46]} {[%emt 00:00:14]} Rf6 {[%clk
00:08:50]} {[%emt 00:03:05]} 59. Ra3 {[%clk 00:03:33]} {[%emt 00:02:43]} Rb6
{[%clk 00:08:23]} {[%emt 00:00:56]} 60. b4 {[%clk 00:01:54]} {[%emt 00:02:09]}
Rd6 {[%clk 00:07:04]} {[%emt 00:01:50]} 61. Rd3 {[%clk 00:01:38]} {[%emt
00:00:46]} Kf6 {[%clk 00:06:54]} {[%emt 00:00:40]} 62. Rd2 {[%clk 00:01:00]}
{[%emt 00:01:07]} Rb6 {[%clk 00:06:31]} {[%emt 00:00:54]} 63. Rb2 {[%clk
00:00:32]} {[%emt 00:00:58]} Rb5 {[%clk 00:04:30]} {[%emt 00:02:30]} 64. Rb3
{[%clk 00:30:10]} {[%emt 00:00:53]} Kg6 {[%clk 00:34:38]} {[%emt 00:00:21]} 65.
Rb2 {[%clk 00:29:58]} {[%emt 00:00:43]} Rb6 {[%clk 00:34:33]} {[%emt 00:00:36]}
66. Rb3 {[%clk 00:29:52]} {[%emt 00:00:34]} Rd6 {[%clk 00:33:12]} {[%emt
00:01:52]} 67. Rd3 {[%clk 00:30:12]} {[%emt 00:00:09]} Rf6 {[%clk 00:32:58]}
{[%emt 00:00:44]} 68. b5 {[%clk 00:28:21]} {[%emt 00:02:21]} Rf4+ {[%clk
00:32:50]} {[%emt 00:00:38]} 69. Kh3 {[%clk 00:28:39]} {[%emt 00:00:10]} g4+
{[%clk 00:30:57]} {[%emt 00:02:25]} 70. fxg4 {[%clk 00:28:51]} {[%emt
00:00:18]} Rxe4 {[%clk 00:31:16]} {[%emt 00:00:11]} 71. Kxh4 {[%clk 00:27:06]}
{[%emt 00:02:12]} Rf4 {[%clk 00:30:42]} {[%emt 00:01:06]} 72. b6 {[%clk
00:27:06]} {[%emt 00:00:31]} Rf7 {[%clk 00:31:04]} {[%emt 00:00:07]} 73. Rb3
{[%clk 00:27:15]} {[%emt 00:00:21]} Rb7 {[%clk 00:31:31]} {[%emt 00:00:04]} 74.
Kg3 {[%clk 00:26:41]} {[%emt 00:01:03]} e4 {[%clk 00:30:23]} {[%emt 00:01:39]}
75. Rb4 {[%clk 00:24:46]} {[%emt 00:02:26]} d3 {[%clk 00:29:49]} {[%emt
00:01:03]} 76. Rxe4 {[%clk 00:24:01]} {[%emt 00:01:15]} Rxb6 {[%clk 00:29:47]}
{[%emt 00:00:32]} 77. Rd4 {[%clk 00:24:15]} {[%emt 00:00:15]} Rb3 {[%clk
00:29:26]} {[%emt 00:00:52]} 1/2-1/2

[Event "DEM U12 2022"]
[Site "Willingen GER"]
[Date "2022.06.10"]
[Round "8"]
[White "Prashanthakumar, Arju"]
[Black "Limmer, Marco"]
[Result "0-1"]
[Termination "normal"]
[Board "20"]
[WhiteElo "1276"]
[BlackElo "1825"]
[WhiteClock "00:14:33"]
[BlackClock "00:15:39"]
[PlyCount "116"]
[WhiteFideId "34604065"]
[BlackFideId "34603506"]
[EventCountry "GER"]
[EventRounds "9"]
[EventType "swiss"]
[EventDate "2022.06.04"]

1. e4 {[%clk 01:30:57]} {[%emt 00:00:02]} e6 {[%clk 01:30:54]} {[%emt
00:00:07]} 2. d4 {[%clk 01:31:10]} {[%emt 00:00:17]} d5 {[%clk 01:31:16]}
{[%emt 00:00:08]} 3. exd5 {[%clk 01:30:54]} {[%emt 00:00:46]} exd5 {[%clk
01:31:36]} {[%emt 00:00:11]} 4. Nf3 {[%clk 01:31:08]} {[%emt 00:00:15]} Nf6
{[%clk 01:31:19]} {[%emt 00:00:47]} 5. Bd3 {[%clk 01:30:43]} {[%emt 00:00:55]}
Bd6 {[%clk 01:28:26]} {[%emt 00:03:23]} 6. O-O {[%clk 01:30:16]} {[%emt
00:00:56]} O-O {[%clk 01:27:19]} {[%emt 00:01:37]} 7. Bg5 {[%clk 01:29:29]}
{[%emt 00:01:18]} h6 {[%clk 01:25:58]} {[%emt 00:01:52]} 8. Be3 {[%clk
01:27:47]} {[%emt 00:02:11]} Re8 {[%clk 01:23:35]} {[%emt 00:02:54]} 9. Re1
{[%clk 01:24:43]} {[%emt 00:03:33]} Nc6 {[%clk 01:19:42]} {[%emt 00:04:23]} 10.
c3 {[%clk 01:24:14]} {[%emt 00:01:00]} Bd7 {[%clk 01:13:13]} {[%emt 00:06:58]}
11. Nbd2 {[%clk 01:22:18]} {[%emt 00:02:25]} Ne4 {[%clk 01:07:17]} {[%emt
00:06:27]} 12. Qc2 {[%clk 01:18:52]} {[%emt 00:03:56]} f5 {[%clk 01:04:00]}
{[%emt 00:03:48]} 13. Nb3 {[%clk 01:09:53]} {[%emt 00:09:29]} Qf6 {[%clk
00:56:19]} {[%emt 00:08:11]} 14. Rad1 {[%clk 01:03:09]} {[%emt 00:07:13]} Re7
{[%clk 00:48:41]} {[%emt 00:08:08]} 15. Nfd2 {[%clk 00:57:08]} {[%emt
00:06:30]} Rae8 {[%clk 00:40:42]} {[%emt 00:08:31]} 16. f3 {[%clk 00:49:43]}
{[%emt 00:07:55]} Nxd2 {[%clk 00:40:38]} {[%emt 00:00:34]} 17. Bxd2 {[%clk
00:49:29]} {[%emt 00:00:43]} Bxh2+ {[%clk 00:38:51]} {[%emt 00:02:18]} 18. Kxh2
{[%clk 00:42:23]} {[%emt 00:07:36]} Qh4+ {[%clk 00:38:09]} {[%emt 00:01:12]}
19. Kg1 {[%clk 00:42:29]} {[%emt 00:00:23]} Rxe1+ {[%clk 00:38:31]} {[%emt
00:00:09]} 20. Rxe1 {[%clk 00:42:36]} {[%emt 00:00:22]} Rxe1+ {[%clk 00:38:54]}
{[%emt 00:00:07]} 21. Bxe1 {[%clk 00:42:48]} {[%emt 00:00:19]} Qxe1+ {[%clk
00:39:20]} {[%emt 00:00:05]} 22. Bf1 {[%clk 00:42:49]} {[%emt 00:00:28]} b6
{[%clk 00:34:03]} {[%emt 00:05:47]} 23. Qe2 {[%clk 00:38:39]} {[%emt 00:04:38]}
Qxe2 {[%clk 00:26:23]} {[%emt 00:08:12]} 24. Bxe2 {[%clk 00:37:16]} {[%emt
00:01:52]} Kf7 {[%clk 00:24:13]} {[%emt 00:02:41]} 25. Kf2 {[%clk 00:33:33]}
{[%emt 00:04:13]} f4 {[%clk 00:23:14]} {[%emt 00:01:30]} 26. g3 {[%clk
00:31:14]} {[%emt 00:02:48]} fxg3+ {[%clk 00:22:29]} {[%emt 00:01:16]} 27. Kxg3
{[%clk 00:30:15]} {[%emt 00:01:29]} Ne7 {[%clk 00:21:15]} {[%emt 00:01:44]} 28.
Bd3 {[%clk 00:27:20]} {[%emt 00:03:23]} Nf5+ {[%clk 00:19:40]} {[%emt
00:02:06]} 29. Bxf5 {[%clk 00:26:30]} {[%emt 00:01:19]} Bxf5 {[%clk 00:20:04]}
{[%emt 00:00:07]} 30. Nd2 {[%clk 00:24:45]} {[%emt 00:02:14]} Kf6 {[%clk
00:16:38]} {[%emt 00:03:57]} 31. Nf1 {[%clk 00:23:39]} {[%emt 00:01:35]} g5
{[%clk 00:14:58]} {[%emt 00:02:11]} 32. Ne3 {[%clk 00:23:02]} {[%emt 00:01:07]}
Be6 {[%clk 00:14:50]} {[%emt 00:00:39]} 33. f4 {[%clk 00:21:15]} {[%emt
00:02:17]} h5 {[%clk 00:12:54]} {[%emt 00:02:27]} 34. fxg5+ {[%clk 00:19:32]}
{[%emt 00:02:12]} Kxg5 {[%clk 00:13:17]} {[%emt 00:00:06]} 35. Ng2 {[%clk
00:18:37]} {[%emt 00:01:23]} c5 {[%clk 00:11:50]} {[%emt 00:02:00]} 36. b3
{[%clk 00:14:24]} {[%emt 00:04:42]} Bf5 {[%clk 00:09:19]} {[%emt 00:03:01]} 37.
b4 {[%clk 00:11:23]} {[%emt 00:03:31]} cxd4 {[%clk 00:09:07]} {[%emt 00:00:42]}
38. cxd4 {[%clk 00:11:17]} {[%emt 00:00:37]} Be4 {[%clk 00:09:14]} {[%emt
00:00:22]} 39. Nh4 {[%clk 00:10:11]} {[%emt 00:01:34]} a6 {[%clk 00:08:13]}
{[%emt 00:01:32]} 40. a3 {[%clk 00:09:28]} {[%emt 00:01:12]} b5 {[%clk
00:08:22]} {[%emt 00:00:22]} 41. Nf3+ {[%clk 00:08:54]} {[%emt 00:01:04]} Bxf3
{[%clk 00:08:45]} {[%emt 00:00:08]} 42. Kxf3 {[%clk 00:09:17]} {[%emt
00:00:06]} h4 {[%clk 00:09:06]} {[%emt 00:00:09]} 43. Kg2 {[%clk 00:09:38]}
{[%emt 00:00:09]} Kf4 {[%clk 00:09:26]} {[%emt 00:00:11]} 44. Kh3 {[%clk
00:09:52]} {[%emt 00:00:15]} Ke4 {[%clk 00:09:52]} {[%emt 00:00:05]} 45. Kxh4
{[%clk 00:10:11]} {[%emt 00:00:11]} Kxd4 {[%clk 00:10:17]} {[%emt 00:00:05]}
46. Kg3 {[%clk 00:10:32]} {[%emt 00:00:08]} Kc3 {[%clk 00:10:40]} {[%emt
00:00:08]} 47. Kf2 {[%clk 00:10:47]} {[%emt 00:00:14]} Kb3 {[%clk 00:11:00]}
{[%emt 00:00:11]} 48. Ke3 {[%clk 00:11:10]} {[%emt 00:00:07]} Kxa3 {[%clk
00:11:26]} {[%emt 00:00:04]} 49. Kd4 {[%clk 00:11:26]} {[%emt 00:00:13]} Kxb4
{[%clk 00:11:52]} {[%emt 00:00:05]} 50. Kxd5 {[%clk 00:11:43]} {[%emt
00:00:12]} Kc3 {[%clk 00:12:16]} {[%emt 00:00:06]} 51. Kc5 {[%clk 00:11:59]}
{[%emt 00:00:14]} b4 {[%clk 00:12:42]} {[%emt 00:00:05]} 52. Kb6 {[%clk
00:12:24]} {[%emt 00:00:05]} b3 {[%clk 00:13:08]} {[%emt 00:00:04]} 53. Kxa6
{[%clk 00:12:44]} {[%emt 00:00:10]} b2 {[%clk 00:13:36]} {[%emt 00:00:03]} 54.
Ka5 {[%clk 00:13:04]} {[%emt 00:00:10]} b1=Q {[%clk 00:13:59]} {[%emt
00:00:08]} 55. Ka6 {[%clk 00:13:26]} {[%emt 00:00:07]} Kc4 {[%clk 00:14:24]}
{[%emt 00:00:05]} 56. Ka7 {[%clk 00:13:46]} {[%emt 00:00:10]} Kc5 {[%clk
00:14:47]} {[%emt 00:00:07]} 57. Ka8 {[%clk 00:14:08]} {[%emt 00:00:07]} Kc6
{[%clk 00:15:13]} {[%emt 00:00:05]} 58. Ka7 {[%clk 00:14:33]} {[%emt 00:00:04]}
Qb7# {[%clk 00:15:39]} {[%emt 00:00:05]} 0-1

[Event "DEM U12 2022"]
[Site "Willingen GER"]
[Date "2022.06.10"]
[Round "8"]
[White "Xu, Wanghan"]
[Black "Draude, Theo"]
[Result "1-0"]
[Termination "normal"]
[Board "28"]
[WhiteElo "1419"]
[BlackElo "1397"]
[PlyCount "163"]
[WhiteFideId "34608745"]
[BlackFideId "34623809"]
[EventCountry "GER"]
[EventRounds "9"]
[EventType "swiss"]
[EventDate "2022.06.04"]

1. e4 c5 2. Nf3 d6 3. Bc4 Nf6 4. Nc3 g6 5. h3 Bg7 6. O-O O-O 7. d3 h6 8. Bd2
Nc6 9. Re1 Bd7 10. Qc1 Kh7 11. Ne2 Rb8 12. c3 Na5 13. Bb3 Nxb3 14. axb3 a6 15.
Ng3 Bc6 16. Qc2 Nd7 17. Be3 d5 18. Rad1 Qc7 19. d4 dxe4 20. Nxe4 f5 21. Nxc5
Bxf3 22. gxf3 Nxc5 23. dxc5 f4 24. Bd4 e5 25. Kh2 exd4 26. cxd4 Rbe8 27. d5 b6
28. c6 Rxe1 29. Rxe1 Rd8 30. Rg1 Rd6 31. Rd1 a5 32. b4 Bf6 33. Kg2 Bd8 34. bxa5
bxa5 35. Qc5 a4 36. Ra1 Qe7 37. Re1 Qc7 38. Re4 Rf6 39. Rxa4 Qb6 40. Qxb6 Bxb6
41. Rb4 Bd8 42. Rb7+ Kg8 43. c7 Bxc7 44. Rxc7 Rd6 45. Rc6 Rxd5 46. Rxg6+ Kh7
47. Rb6 Rd1 48. Rb4 Rb1 49. h4 Kg6 50. Rxf4 Rxb2 51. Kg3 h5 52. Ra4 Rb5 53. Kg2
Kf6 54. Kf1 Rb2 55. Ra5 Kg6 56. Rg5+ Kh6 57. f4 Rb4 58. Kg2 Rxf4 59. Kg3 Rb4
60. f3 Ra4 61. Re5 Kg6 62. Re4 Ra5 63. Kf4 Kf6 64. Rb4 Kg6 65. Rb6+ Kg7 66. Re6
Ra4+ 67. Re4 Ra5 68. Re5 Ra4+ 69. Kg5 Ra3 70. f4 Ra4 71. Rf5 Ra6 72. Kxh5 Kg8
73. Kg5 Kg7 74. Re5 Rf6 75. Kh5 Rh6+ 76. Kg4 Ra6 77. h5 Kh6 78. Kf5 Kxh5 79.
Re6 Rxe6 80. Kxe6 Kg6 81. f5+ Kg7 82. Ke7 1-0

[Event "DEM U12 2022"]
[Site "Willingen GER"]
[Date "2022.06.10"]
[Round "8"]
[White "Rempe, Lennik"]
[Black "Steven, Matthias"]
[Result "1-0"]
[Termination "normal"]
[Board "29"]
[WhiteElo "1073"]
[BlackElo "1376"]
[PlyCount "109"]
[WhiteFideId "16248031"]
[BlackFideId "16295528"]
[EventCountry "GER"]
[EventRounds "9"]
[EventType "swiss"]
[EventDate "2022.06.04"]

1. e4 c5 2. Nf3 Nc6 3. Nc3 g6 4. d4 cxd4 5. Nxd4 Bg7 6. Be3 Nf6 7. Bc4 O-O 8.
Bb3 Qa5 9. O-O d6 10. h3 Bd7 11. Kh1 a6 12. Qd2 Nxe4 13. Nxe4 Qxd2 14. Bxd2
Nxd4 15. Bc3 Nxb3 16. Bxg7 Nxa1 17. Bxf8 Kxf8 18. Rxa1 Bf5 19. f3 Rc8 20. c3
Bxe4 21. fxe4 Rc4 22. Re1 Kg7 23. Kh2 Kf6 24. Kg3 Ke6 25. Kf4 d5 26. g4 h6 27.
b3 Rxe4+ 28. Rxe4+ dxe4 29. Kxe4 Kd6 30. a4 Kc5 31. Ke5 b5 32. a5 Kc6 33. b4
Kd7 34. Kd5 f6 35. Kc5 Kc7 36. Kd5 e5 37. Ke4 Kd6 38. h4 g5 39. h5 Ke6 40. c4
bxc4 41. b5 Kd6 42. b6 Kc6 43. Ke3 Kb7 44. Ke4 Kc6 45. Ke3 Kd6 46. Ke4 c3 47.
Kd3 f5 48. gxf5 g4 49. f6 g3 50. f7 Ke7 51. b7 e4+ 52. Kxc3 g2 53. f8=Q+ Kxf8
54. b8=Q+ Kg7 55. Qg3+ 1-0

[Event "DEM U12 2022"]
[Site "Willingen GER"]
[Date "2022.06.10"]
[Round "8"]
[White "Haertel, Leon"]
[Black "Schönherr, Stijn"]
[Result "1-0"]
[Termination "normal"]
[Board "30"]
[WhiteElo "1536"]
[BlackElo "1254"]
[PlyCount "69"]
[WhiteFideId "34623736"]
[BlackFideId "34611622"]
[EventCountry "GER"]
[EventRounds "9"]
[EventType "swiss"]
[EventDate "2022.06.04"]

1. d4 d5 2. c4 e6 3. Nc3 Nf6 4. cxd5 exd5 5. Bg5 Be7 6. e3 c6 7. Bd3 Nbd7 8.
Qc2 O-O 9. Nge2 Re8 10. O-O Bd6 11. Rab1 Bxh2+ 12. Kxh2 Ng4+ 13. Kg1 Qxg5 14.
Bxh7+ Kh8 15. Bf5 Ndf6 16. Bxc8 Raxc8 17. Nf4 Nh5 18. Nh3 Qf6 19. Qe2 Qg6 20.
Rbc1 c5 21. Nxd5 cxd4 22. Rxc8 Rxc8 23. Ne7 Qe6 24. Nxc8 Qxc8 25. exd4 Ngf6 26.
Re1 Qd8 27. Ng5 Kg8 28. Qe7 Qb8 29. Qxf7+ Kh8 30. Re6 Qd8 31. Qxh5+ Nxh5 32.
Nf7+ Kh7 33. Nxd8 Nf4 34. Re4 Nd5 35. Nxb7 1-0